Statistiques concernant Carte des noms des villes du Val de Marne

Cliquez ici pour prendre le quiz!

Statistiques générales

  • Ce quiz a été pris 1 319 fois
  • Le résultat moyen est 28 sur 47

Réponses sur la Carte

Les réponses sont colorées sur une échelle allant du rouge au vert en fonction du pourcentage des utilisateurs qui les ont devinées à leur premier essai. Vous pouvez retrouver ces pourcentages ci-dessous.
 

Statistiques - réponses

VILLES% Correct
Créteil
94%
Vincennes
88%
Ivry-sur-Seine
86%
Saint-Maur-des-Fossés
85%
Vitry-sur-Seine
84%
Champigny-sur-Marne
81%
Alfortville
76%
Nogent-sur-Marne
73%
Orly
73%
Charenton-le-Pont
72%
Fontenay-sous-Bois
71%
Saint-Mandé
71%
Villejuif
71%
Maisons-Alfort
70%
Choisy-le-Roi
69%
Joinville-le-Pont
69%
L'Haÿ-les-Roses
65%
Arcueil
64%
Cachan
64%
Le Kremlin-Bicêtre
64%
Sucy-en-Brie
64%
Thiais
63%
Villeneuve-Saint-Georges
63%
Rungis
61%
Boissy-Saint-Léger
60%
Bonneuil-sur-Marne
60%
Saint-Maurice
59%
Bry-sur-Marne
58%
Gentilly
58%
Fresnes
57%
Villiers-sur-Marne
56%
Le Perreux-sur-Marne
55%
Valenton
52%
Chevilly-Larue
49%
Chennevières-sur-Marne
48%
Villeneuve-le-Roi
48%
Ormesson-sur-Marne
46%
La Queue-en-Brie
45%
Ablon-sur-Seine
44%
Limeil-Brévannes
43%
Le Plessis-Trévise
41%
Villecresnes
37%
Noiseau
36%
Santeny
32%
Mandres-les-Roses
31%
Marolles-en-Brie
31%
Périgny
26%

Distribution des résultats

Percentile par nombre de réponses

% des personnes avec chaque résultat

Votre développement - résultats

Vous n’avez pas pris ce quiz